A través del maravilloso espejo del universo: la nueva revolución en la física, matemática, química, biología y neurofisiología que conduce a la naciente ciencia de la totalidad

Zapisane w:
Opis bibliograficzny
1. autor: Briggs, John P (Autor)
Kolejni autorzy: Peat, F. David (autor)
Format: Książka
Język:hiszpański
Wydane: Barcelona Gedisa 1989
Seria:Extensión Científica. Limites de la ciencia
Hasła przedmiotowe:
Etykiety: Dodaj etykietę
Nie ma etykietki, Dołącz pierwszą etykiete!

MARC

LEADER 00000nam a2200000 a 4500
001 UCW1053
003 CL-VaPUC
008 901011e19890000SP |||||||||||||||||spa|d
020 |a 8474323444 
082 0 4 |a 501  |b BRI  |2 21 
100 0 |a Briggs, John P  |e author  |9 304976 
700 |a Peat, F. David  |e autor  |9 466281 
245 1 0 |a A través del maravilloso espejo del universo: la nueva revolución en la física, matemática, química, biología y neurofisiología que conduce a la naciente ciencia de la totalidad 
300 |a 312 p 
942 |c BK 
945 |d 19901011 00:00:00 
260 |a Barcelona  |b Gedisa  |c 1989 
650 7 |a CIENCIA OBRAS DE DIVULGACION  |2 CL-VaPUC  |9 266347 
650 0 |a Filosofía de las ciencias  |9 256466 
583 |a last modification  |c 19901011 00:00:00  |k Rodrigo Vera 
490 0 |a Extensión Científica. Limites de la ciencia 
999 |c 216030  |d 216028 
952 |0 0  |1 0  |4 0  |6 501_000000000000000_BRI_1989  |7 0  |8 A  |9 201397  |a BIBCUR  |b BIBCUR  |d 2019-11-14  |i 4024001  |l 1  |o 501 BRI 1989  |p 4024001  |r 2025-04-22  |s 2025-03-25  |w 2019-11-14  |y BK  |k FIS